[Event "Wroclaw Anderssen Memorial op 22nd"]
[Site "Wroclaw"]
[Date "2013.06.29"]
[Round "8"]
[White "Kania, Piotr"]
[Black "Ksiazkiewicz, Marcin"]
[Result "1-0"]
[WhiteElo "1773"]
[BlackElo "1522"]
[PlyCount "99"]
[EventDate "2013.06.29"]
[EventType "swiss (rapid)"]
[EventRounds "9"]
[EventCountry "POL"]
[SourceTitle "CBM 155 Extra"]
[Source "ChessBase"]
[SourceDate "2013.08.26"]
[SourceVersion "1"]
[SourceVersionDate "2013.08.26"]
[SourceQuality "1"]

1. c4 c6 2. d4 d5 3. Nc3 e6 4. e3 Nf6 5. Nf3 Bd6 6. Bd3 Nbd7 7. a3 0-0 8. h3 Re8 9. 0-0 Bc7 10. e4 Nxe4 11. Nxe4 dxe4 12. Bxe4 h6 13. Bc2 Nf6 14. Re1 Re7 15. Be3 b6 16. Qe2 Bb7 17. Ne5 Kf8 18. Rad1 Qe8 19. Ng4 Ng8 20. Qd3 h5 21. Ne5 Bxe5 22. dxe5 c5 23. Qh7 f5 24. exf6 Nxf6 25. Qd3 Be4 26. Qc3 Bxc2 27. Qxc2 Rd7 28. Bg5 Rad8 29. Rxd7 Rxd7 30. Qe2 Kf7 31. Bxf6 Kxf6 32. Qe5+ Kg6 33. Re3 Kh7 34. Rg3 Qf7 35. Qe4+ Qf5 36. Qe3 Rd1+ 37. Kh2 e5 38. Rf3 Qb1 39. Qxe5 Rh1+ 40. Kg3 Qg6+ 41. Kf4 Qf7+ 42. Qf5+ Qxf5+ 43. Kxf5 Re1 44. Re3 Rf1 45. f3 Rf2 46. g4 hxg4 47. hxg4 Rxb2 48. g5 Rc2 49. g6+ Kh6 50. Re8 1-0

[Event "Wroclaw Anderssen Memorial op 22nd"]
[Site "Wroclaw"]
[Date "2013.06.29"]
[Round "6"]
[White "Kania, Piotr"]
[Black "Stelmaszuk, Maciej"]
[Result "1-0"]
[WhiteElo "1773"]
[BlackElo "1522"]
[PlyCount "61"]
[EventDate "2013.06.29"]
[EventType "swiss (rapid)"]
[EventRounds "9"]
[EventCountry "POL"]
[SourceTitle "CBM 155 Extra"]
[Source "ChessBase"]
[SourceDate "2013.08.26"]
[SourceVersion "1"]
[SourceVersionDate "2013.08.26"]
[SourceQuality "1"]

1. d4 Nf6 2. c4 c5 3. dxc5 e6 4. Nc3 Bxc5 5. e3 Nc6 6. Nf3 Qc7 7. Be2 0-0 8. 0-0 a6 9. a3 b6 10. Qc2 Bb7 11. b4 Be7 12. Bb2 Rad8 13. Ne4 Ng4 14. h3 Nge5 15. Qc3 d6 16. Nfd2 f5 17. Ng3 Bf6 18. Qb3 Qf7 19. Rad1 Nd7 20. Bc1 Nce5 21. f4 Ng6 22. Nh5 e5 23. Qd3 e4 24. Qxd6 Be7 25. Qc7 Ba8 26. Bb2 Nf6 27. Bxf6 Bxf6 28. Qxb6 Bc3 29. Nb1 Bb2 30. Rxd8 Rxd8 31. Qxd8+ 1-0

[Event "Wroclaw Anderssen Memorial op 22nd"]
[Site "Wroclaw"]
[Date "2013.06.29"]
[Round "1"]
[White "Swicarz, Maciej"]
[Black "Kania, Piotr"]
[Result "1-0"]
[WhiteElo "2238"]
[BlackElo "1773"]
[PlyCount "62"]
[EventDate "2013.06.29"]
[EventType "swiss (rapid)"]
[EventRounds "9"]
[EventCountry "POL"]
[SourceTitle "CBM 155 Extra"]
[Source "ChessBase"]
[SourceDate "2013.08.26"]
[SourceVersion "1"]
[SourceVersionDate "2013.08.26"]
[SourceQuality "1"]

1. e4 Nf6 2. e5 Nd5 3. c4 Nb6 4. c5 Nd5 5. Nc3 e6 6. Qg4 h5 7. Qc4 Qe7 8. d4 b6 9. Nxd5 exd5 10. Qxd5 c6 11. Qe4 bxc5 12. Nf3 d5 13. Qe3 cxd4 14. Qxd4 Bg4 15. Be2 Bxf3 16. Bxf3 Qb4+ 17. Qxb4 Bxb4+ 18. Bd2 Bxd2+ 19. Kxd2 Kd7 20. Rac1 Na6 21. Rc3 Rab8 22. Kc1 Nc7 23. Kb1 g6 24. Rhc1 Rb6 25. Bd1 Rhb8 26. Bb3 Nb5 27. Rf3 Ke7 28. Rd1 Nc7 29. Rc3 Ne6 30. g3 a5 31. Rd2 Kd7 1-0

[Event "Wroclaw Anderssen Memorial op 22nd"]
[Site "Wroclaw"]
[Date "2013.06.29"]
[Round "9"]
[White "Walentukiewicz, Michal"]
[Black "Kania, Piotr"]
[Result "0-1"]
[WhiteElo "2121"]
[BlackElo "1773"]
[PlyCount "94"]
[EventDate "2013.06.29"]
[EventType "swiss (rapid)"]
[EventRounds "9"]
[EventCountry "POL"]
[SourceTitle "CBM 155 Extra"]
[Source "ChessBase"]
[SourceDate "2013.08.26"]
[SourceVersion "1"]
[SourceVersionDate "2013.08.26"]
[SourceQuality "1"]

1. e4 Nf6 2. Nc3 e5 3. g3 d5 4. exd5 Nxd5 5. Bg2 c6 6. Nf3 f6 7. 0-0 Be7 8. d4 exd4 9. Qxd4 Nxc3 10. Qxc3 0-0 11. Bf4 Na6 12. Rad1 Qb6 13. Qb3+ Qxb3 14. axb3 Bf5 15. Nd4 Bg4 16. Rd2 Rad8 17. c3 Bd6 18. Be3 Rfe8 19. h3 Bc8 20. b4 Nc7 21. Rfd1 Bxg3 22. fxg3 Rxe3 23. Kf2 Rde8 24. g4 a6 25. Nb3 R3e7 26. Nc5 Kf7 27. Nb3 Ne6 28. Bf3 Nf4 29. Kg3 g5 30. Nd4 Re3 31. h4 h6 32. hxg5 hxg5 33. Rh1 Kg7 34. Rdh2 Ng6 35. Rf2 Nh4 36. Rhf1 R8e4 37. Nc2 Rxg4+ 38. Kh2 Rxf3 39. Rxf3 Rg2+ 40. Kh1 Rxc2 41. Rxf6 Bh3 42. R1f2 Rxf2 43. Rxf2 Be6 44. Kh2 Ng6 45. Kg3 Nf4 46. Rd2 Bd5 47. Rd1 Kf6 0-1

[Event "Polanica Zdroj op-A 44th"]
[Site "Polanica Zdroj"]
[Date "2008.08.27"]
[Round "9"]
[White "Goluch, Piotr"]
[Black "Kania, Piotr"]
[Result "1-0"]
[WhiteElo "2019"]
[BlackElo "2242"]
[PlyCount "55"]
[EventDate "2008.08.19"]
[EventType "swiss"]
[EventRounds "10"]
[EventCountry "POL"]
[SourceTitle "CBM 126 Extra"]
[Source "ChessBase"]
[SourceDate "2008.11.05"]
[SourceVersion "1"]
[SourceVersionDate "2008.11.05"]
[SourceQuality "1"]

1. e4 Nf6 2. e5 Nd5 3. c4 Nb6 4. d4 d6 5. exd6 exd6 6. Nc3 Be7 7. Be3 Nc6 8. Nf3 Bg4 9. h3 Bh5 10. g4 Bg6 11. Qd2 Qd7 12. 0-0-0 f5 13. d5 Na5 14. b3 fxg4 15. hxg4 Qxg4 16. Nd4 Qd7 17. Bh3 Qd8 18. Ne6 Qb8 19. Nxg7+ Kf8 20. Ne6+ Kf7 21. Nb5 Naxc4 22. bxc4 c6 23. Nbc7 cxd5 24. Bd4 Rc8 25. Qf4+ Kg8 26. Qh6 Bf8 27. Nxf8 Qxc7 28. Be6+ 1-0

[Event "POL-chT 2nd div North"]
[Site "Lublin"]
[Date "1999.??.??"]
[Round "4"]
[White "Kania, Piotr"]
[Black "Dlugosz, Jedrzej"]
[Result "1-0"]
[WhiteElo "2255"]
[BlackElo "2160"]
[PlyCount "59"]
[EventDate "1999.09.11"]
[EventType "team-swiss"]
[EventRounds "8"]
[EventCountry "POL"]
[SourceTitle "EXT 2003"]
[Source "ChessBase"]
[SourceDate "2002.11.25"]
[SourceVersion "1"]
[SourceVersionDate "2002.11.25"]
[SourceQuality "1"]
[WhiteTeam "Torun Apator"]
[BlackTeam "Gdanski Tama Jantar Pruszcz"]
[WhiteTeamCountry "POL"]
[BlackTeamCountry "POL"]

1. e4 g6 2. d4 Bg7 3. Nc3 d6 4. Be3 a6 5. f3 b5 6. Qd2 Bb7 7. Nge2 Nd7 8. g4 c5 9. Ng3 b4 10. Nd1 d5 11. dxc5 Ne5 12. Be2 d4 13. Bg1 Nc6 14. Nf2 e5 15. h4 f6 16. Bc4 Bh6 17. g5 Bg7 18. h5 Nce7 19. h6 Bf8 20. Ng4 fxg5 21. Nxe5 Nxh6 22. Bxd4 Qc7 23. 0-0-0 0-0-0 24. Be6+ Kb8 25. Nd7+ Rxd7 26. Bxd7 Rg8 27. Qxg5 Nf7 28. Qf6 Rg7 29. Qb6 Qf4+ 30. Kb1 1-0

[Event "Abihome-A"]
[Site "Brussels"]
[Date "1995.10.??"]
[Round "3"]
[White "Kania, Piotr"]
[Black "Bakker, Sven"]
[Result "1-0"]
[WhiteElo "2245"]
[BlackElo "2004"]
[PlyCount "46"]
[EventDate "1995.10.28"]
[EventType "swiss (rapid)"]
[EventRounds "11"]
[EventCountry "BEL"]
[SourceTitle "EXT 2015"]
[Source "ChessBase"]
[SourceDate "2014.11.20"]
[SourceVersion "1"]
[SourceVersionDate "2014.11.20"]
[SourceQuality "1"]

1. e4 c5 2. Nc3 d6 3. f4 Nc6 4. Nf3 g6 5. Bc4 Bg7 6. 0-0 e6 7. f5 exf5 8. d3 Nge7 9. Qe1 h6 10. exf5 Bxf5 11. Bf4 0-0 12. Qh4 d5 13. Bb3 g5 14. Nxg5 hxg5 15. Bxg5 Qd6 16. Nxd5 Nxd5 17. Rxf5 Nce7 18. Rf3 Ng6 19. Qh5 Ndf4 20. Qg4 Ne2+ 21. Kh1 Ne5 22. Bf4 Nxf4 23. Qxf4 Qd4 1-0

[Event "Abihome-A"]
[Site "Brussels"]
[Date "1995.10.??"]
[Round "11"]
[White "Schneider, Stefan"]
[Black "Kania, Piotr"]
[Result "1/2-1/2"]
[WhiteElo "2210"]
[BlackElo "2245"]
[PlyCount "49"]
[EventDate "1995.10.28"]
[EventType "swiss (rapid)"]
[EventRounds "11"]
[EventCountry "BEL"]
[SourceTitle "EXT 2015"]
[Source "ChessBase"]
[SourceDate "2014.11.20"]
[SourceVersion "1"]
[SourceVersionDate "2014.11.20"]
[SourceQuality "1"]

1. d4 g6 2. c4 Nf6 3. Nc3 Bg7 4. Nf3 d6 5. Bg5 0-0 6. e3 h6 7. Bh4 Nbd7 8. Be2 g5 9. Bg3 Nh5 10. Qc2 Nxg3 11. hxg3 f5 12. Bd3 e6 13. d5 Nc5 14. dxe6 Nxd3+ 15. Qxd3 Bxe6 16. Nd4 Bxd4 17. exd4 Qf6 18. f4 Kg7 19. 0-0-0 a6 20. d5 Bd7 21. Rh5 Be8 22. Rhh1 Bd7 23. Rh5 Be8 24. Rhh1 Bd7 25. Rh5 1/2-1/2

[Event "Abihome-A"]
[Site "Brussels"]
[Date "1995.10.??"]
[Round "2"]
[White "Vertriest, Miguel"]
[Black "Kania, Piotr"]
[Result "0-1"]
[WhiteElo "2026"]
[BlackElo "2245"]
[PlyCount "56"]
[EventDate "1995.10.28"]
[EventType "swiss (rapid)"]
[EventRounds "11"]
[EventCountry "BEL"]
[SourceTitle "EXT 2015"]
[Source "ChessBase"]
[SourceDate "2014.11.20"]
[SourceVersion "1"]
[SourceVersionDate "2014.11.20"]
[SourceQuality "1"]

1. d4 Nf6 2. c4 g6 3. Nc3 Bg7 4. e4 d6 5. f3 0-0 6. Be3 e5 7. d5 c6 8. Qd2 cxd5 9. cxd5 a6 10. 0-0-0 Nbd7 11. Kb1 b5 12. b4 Nb6 13. Rc1 Bd7 14. g4 Rc8 15. Bh6 Nc4 16. Bxc4 Rxc4 17. a3 Bxh6 18. Qxh6 a5 19. Na2 Qc7 20. Ne2 Rc8 21. h4 axb4 22. Nxb4 Ra8 23. Kb2 Qa7 24. Ra1 Qf2 25. Qd2 Qxf3 26. Rhf1 Nxe4 27. Qe1 Qe3 28. Nc2 Qc5 0-1

[Event "Abihome-A"]
[Site "Brussels"]
[Date "1995.10.??"]
[Round "4"]
[White "Vysochin, Spartak"]
[Black "Kania, Piotr"]
[Result "1-0"]
[WhiteElo "2378"]
[BlackElo "2245"]
[PlyCount "45"]
[EventDate "1995.10.28"]
[EventType "swiss (rapid)"]
[EventRounds "11"]
[EventCountry "BEL"]
[SourceTitle "EXT 2015"]
[Source "ChessBase"]
[SourceDate "2014.11.20"]
[SourceVersion "1"]
[SourceVersionDate "2014.11.20"]
[SourceQuality "1"]

1. e4 d5 2. exd5 Nf6 3. d4 Nxd5 4. Nf3 e6 5. c4 Nf6 6. Bd3 c5 7. dxc5 Bxc5 8. 0-0 h6 9. Nc3 0-0 10. Qe2 Nbd7 11. Bf4 b6 12. Rad1 Bb7 13. a3 Qc8 14. b4 Be7 15. Nb5 Qc6 16. Nbd4 Qc8 17. Nb5 Qc6 18. Nbd4 Qc8 19. Rfe1 a5 20. Nxe6 Re8 21. Nc7 Bf8 22. Nxe8 Nxe8 23. Bf5 1-0

[Event "DEN-ch U20"]
[Site "Logumkloster"]
[Date "1994.07.02"]
[Round "8"]
[White "Sammalvuo, Tapani"]
[Black "Kania, Piotr"]
[Result "1-0"]
[WhiteElo "2280"]
[BlackElo "2275"]
[PlyCount "63"]
[EventDate "1994.??.??"]
[EventType "swiss"]
[EventRounds "9"]
[EventCountry "DEN"]
[SourceTitle "EXT 1999"]
[Source "ChessBase"]
[SourceDate "1998.11.16"]
[SourceVersion "1"]
[SourceVersionDate "1998.11.16"]
[SourceQuality "1"]

1. e4 a6 2. d4 b5 3. Nf3 Bb7 4. Bd3 e6 5. 0-0 Be7 6. c3 Nf6 7. Re1 c5 8. Nbd2 cxd4 9. cxd4 d5 10. e5 Nfd7 11. Nf1 Nc6 12. Ng3 h5 13. Ne2 g5 14. Be3 Nb6 15. b3 g4 16. Nd2 Ba3 17. f4 Nb4 18. Nf1 Bc8 19. Bc1 Nxd3 20. Qxd3 Be7 21. Ne3 b4 22. f5 exf5 23. Nxf5 Bxf5 24. Qxf5 Qd7 25. Qf2 f5 26. e6 Qxe6 27. Ng3 Qf6 28. Re5 Kd7 29. Nxf5 Raf8 30. Qe2 Bd6 31. Nxd6 Kxd6 32. Bg5 1-0

[Event "POL-ch U20"]
[Site "Poland"]
[Date "1994.??.??"]
[Round "3"]
[White "Kania, Piotr"]
[Black "Bobras, Piotr"]
[Result "1/2-1/2"]
[WhiteElo "2275"]
[BlackElo "2215"]
[PlyCount "42"]
[EventDate "1994.??.??"]
[EventType "tourn"]
[EventRounds "11"]
[EventCountry "POL"]
[SourceTitle "TD"]
[Source "ChessBase"]
[SourceDate "1994.03.01"]
[SourceVersion "1"]
[SourceVersionDate "1994.03.01"]
[SourceQuality "1"]

1. e4 e5 2. Nf3 Nc6 3. Nc3 Nf6 4. d4 Bb4 5. Nxe5 Nxe4 6. Qg4 Nxc3 7. Qxg7 Rf8 8. a3 Ba5 9. Nxc6 dxc6 10. Qe5+ Qe7 11. Qxe7+ Kxe7 12. Bd2 Bf5 13. bxc3 Bxc2 14. c4 Bxd2+ 15. Kxd2 Bg6 16. Bd3 Rad8 17. Rae1+ Kf6 18. Bxg6 fxg6 19. Kc3 Rfe8 20. f4 b6 21. g4 h5 1/2-1/2

[Event "POL-ch U20"]
[Site "Poland"]
[Date "1994.??.??"]
[Round "9"]
[White "Kania, Piotr"]
[Black "Kaminski, Marcin"]
[Result "0-1"]
[WhiteElo "2275"]
[BlackElo "2445"]
[PlyCount "102"]
[EventDate "1994.??.??"]
[EventType "tourn"]
[EventRounds "11"]
[EventCountry "POL"]
[SourceTitle "TD"]
[Source "ChessBase"]
[SourceDate "1994.03.01"]
[SourceVersion "1"]
[SourceVersionDate "1994.03.01"]
[SourceQuality "1"]

1. e4 e6 2. d4 d5 3. Nc3 Bb4 4. e5 c5 5. Qg4 Ne7 6. dxc5 Nbc6 7. Bd2 0-0 8. 0-0-0 f5 9. Qg3 Bxc5 10. Na4 Bb4 11. Bxb4 Nxb4 12. Qb3 Qa5 13. a3 Na6 14. Bxa6 Qxa6 15. Nc5 Qc6 16. Nd3 Bd7 17. Nf3 Rfc8 18. Nd4 Qa6 19. Qb4 Nc6 20. Nxc6 Qxc6 21. Rd2 a5 22. Qe7 Be8 23. Nf4 Bf7 24. Kb1 Qc4 25. g3 b5 26. Rc1 Rc7 27. Qd6 Rc6 28. Qe7 Re8 29. Qa7 b4 30. Rd3 Qb5 31. Rb3 Rec8 32. Nd3 R6c7 33. Qd4 Rc4 34. Qa7 Qc6 35. axb4 axb4 36. Nxb4 Qe8 37. Qa2 f4 38. Nd3 Bg6 39. Nb4 Qf8 40. Nd3 fxg3 41. hxg3 Qf3 42. Qa6 Bf5 43. Ka2 Qe2 44. Kb1 Rxc2 45. Qxc8+ Rxc8 46. Rxc8+ Kf7 47. Rc7+ Kg6 48. Rcc3 d4 49. Ka2 Kh6 50. Nf4 Qxe5 51. Rc6 g5 0-1

[Event "DEN-ch U20"]
[Site "Logumkloster"]
[Date "1994.??.??"]
[Round "9"]
[White "Kania, Piotr"]
[Black "Pedersen, Nicolai Vesterbaek"]
[Result "1/2-1/2"]
[WhiteElo "2275"]
[BlackElo "2310"]
[PlyCount "34"]
[EventDate "1994.??.??"]
[EventType "swiss"]
[EventRounds "9"]
[EventCountry "DEN"]
[SourceTitle "EXT 1999"]
[Source "ChessBase"]
[SourceDate "1998.11.16"]
[SourceVersion "1"]
[SourceVersionDate "1998.11.16"]
[SourceQuality "1"]

1. e4 e5 2. Nf3 Nc6 3. Nc3 Nf6 4. d4 exd4 5. Nxd4 Bb4 6. Nxc6 bxc6 7. Bd3 d5 8. exd5 cxd5 9. 0-0 0-0 10. Bg5 c6 11. Na4 h6 12. Bh4 Bd6 13. Re1 Rb8 14. c4 Be6 15. Rc1 Re8 16. Bg3 Bxg3 17. hxg3 Nd7 1/2-1/2